| 000 | 01000nas a2200277Ia 4500 | ||
|---|---|---|---|
| 001 | dg37-1889 [d000001983] | ||
| 003 | IT-MiCISF | ||
| 008 | 161014c99999999xx |||||||||||| ||und|| | ||
| 040 |
_aIT-MiCISF _cIT-MiCISF |
||
| 041 | _aINGLESE | ||
| 100 | _aKetting Evert | ||
| 210 | _aPlanned Parenthood | ||
| 222 | _aPlanned Parenthood | ||
| 240 | _aUnmet Needs | ||
| 245 | 0 | _aUnmet Needs | |
| 250 | _a1a ed. | ||
| 260 | _c1994 | ||
| 501 |
_bCISF - Centro Internazionale Studi Famiglia - Via Giotto, 36 20145 MILANO (non commercial uses only) _cCopyright 2016 |
||
| 300 | _app. 48 | ||
| 362 | _a n. 1 [1994] | ||
| 500 | _aSingh K., Westoff C.F., Dixon-Mueller R., Germain A., Sinding S.W., Okwero M., Ssempebwa B., Kipp W., Madina M., Kaur P., Crabbe M., Migallos G., Araneta A., Arango H., Jaimes R., Mahbub Alam Chowdhury S. Tema: pianificazione-familiare, comparazione, | ||
| 650 |
_asocietà _vdivulgazione |
||
| 700 | _aAA.VV. | ||
| 942 | _cCR | ||
| 957 | _71 | ||
| 999 |
_a1889 _bSi _g1 _c218503 _d218503 |
||